00554nam a2200157Ia 4500008004100000082001600041100002100057245007700078260002800155260000900183300000800192600002100200630007700221700002100298730007700319151202s9999||||xx |||||||||||||| ||und|| bPNVM-124371 aMISTRY ROHINTON. aFINE BALANCE the story of four unlikely people whose livescome together. bFABER AND FABER LONDON. c2000 a752 aMISTRY ROHINTON. aFINE BALANCE the story of four unlikely people whose livescome together. aMISTRY ROHINTON. aFINE BALANCE the story of four unlikely people whose livescome together.